The Digital Nexus: Identity, Agency, and Political Engagement (Record no. 30266)
[ view plain ]
| 000 -LEADER | |
|---|---|
| fixed length control field | 00523nam a2200133Ia 4500 |
| 008 - FIXED-LENGTH DATA ELEMENTS--GENERAL INFORMATION | |
| fixed length control field | 220620s9999||||xx |||||||||||||| ||und|| |
| 022 ## - INTERNATIONAL STANDARD SERIAL NUMBER | |
| International Standard Serial Number | 19158378 |
| 100 ## - MAIN ENTRY--PERSONAL NAME | |
| Personal name | Edited by Raphael Foshay |
| 245 #4 - TITLE STATEMENT | |
| Title | The Digital Nexus: Identity, Agency, and Political Engagement |
| Remainder of title | http://www.aupress.ca/index.php/books/120253 |
| 546 ## - LANGUAGE NOTE | |
| Language note | English[eng] |
| 650 ## - SUBJECT ADDED ENTRY--TOPICAL TERM | |
| Topical term or geographic name entry element | communications||digital theory||media theory||cultural studies||sociology||digital cultural studies |
| 856 ## - ELECTRONIC LOCATION AND ACCESS | |
| Uniform Resource Identifier | <a href="http://www.aupress.ca/index.php/books/120253">http://www.aupress.ca/index.php/books/120253</a> |
| 942 ## - ADDED ENTRY ELEMENTS (KOHA) | |
| Koha item type | E-Books |
| Withdrawn status | Lost status | Damaged status | Not for loan | Home library | Current library | Date acquired | Total Checkouts | Date last seen | Price effective from | Koha item type |
|---|---|---|---|---|---|---|---|---|---|---|
| Kerala University of Digital Sciences, Innovation and Technology Knowledge Centre | Kerala University of Digital Sciences, Innovation and Technology Knowledge Centre | 20/06/2022 | 20/06/2022 | 20/06/2022 | E-Books |